书目信息 |
| 书名: | Codes and ciphers | |
| 作者: | [by] Peter Way. | |
| 分册号: | ||
| 分册名: | 出版地: | London : |
|
| 出版社: | Aldus Books | |
| 出版时间: | 1977. | |
| 页数: | 144 p. : | |
| 开本: | 27 cm. | |
| 丛书名: | ||
| 中图分类号: | ||
| 科图分类号: | ||
| 其他分类号: | D526-61 | |
| 主题词: | ||
| 电子资源: | ||
| 000 | 00915nam a2200289 i 450 | |
| 001 | E0732413643 | |
| 005 | 20070301090724.96 | |
| 008 | 770926s1977 enkach j 001 0 eng | |
| 010 | @a77367693 | |
| 015 | @aGB77-11014 | |
| 020 | @a0-7172-8116-7. | |
| 035 | @A(DLC) 77367693 | |
| 040 | @aDLC@cDLC@dDLC | |
| 050 | 00 | @aZ103.3@b.W39 1977 |
| 082 | 00 | @a001.54/36/09 |
| 090 | @aD526-61 | |
| 099 | @dD526-61@ex1:3 | |
| 100 | 1 | @aWay, Peter. |
| 245 | 10 | @aCodes and ciphers / @c[by] Peter Way. |
| 260 | @aLondon :@bAldus Books,@c1977. | |
| 300 | @a144 p. :@bill. (some col.), facsims., ports. (some col.) ;@c27 cm. | |
| 490 | 0 | @aUndercover |
| 500 | @aIncludes index. | |
| 650 | 0 | @aCryptography@xHistory@xJuvenile literature. |
| 650 | 0 | @aCiphers@xHistory@xJuvenile literature. |
| 906 | @a7@bcbc@corignew@d3@encip@f19@gy-gencatlg | |
| 991 | @bc-GenColl@hZ103.3@i.W39 1977@p00004336586@tCopy 1@wBOOKS | |
| Codes and ciphers / / [by] Peter Way.-London : : Aldus Books, , 1977. |
| 144 p. : : ill. (some col.), facsims., ports. (some col.) ; ; 27 cm.- (Undercover ) |
| Includes index. |
| ISBN 0-7172-8116-7. |
| ● |
| 相关链接 |
|
|
|
|
正题名:Codes and ciphers
索取号:D526-61/x1:3
 
预约/预借
| 序号 | 登录号 | 条形码 | 馆藏地/架位号 | 状态 | 备注 |
| 1 | 183336 | 000638563 | 第四借阅区/ [索取号:D526-61/x1:3] | 在馆 |